00514nam a22001697a 450000500170000000800410001702000180005804000180007605000150009424500850010926000320019430000360022650000220026265000270028470000180031170000150032920240503080634.0240503b |||||||| |||| 00| 0 eng d a9780750688130 aKMUcKMUdKMU aSF 911 Tex aTextbook of Veterinary Surgical Nursing/cEdited by Carole Martin and Jo Masters aLondon ;bElsevier ,c2007. axi,356 pages :billus ;c25 cm. aincludes an index aAnimal Disease Surgery aMartin Carole aMasters Jo